000 00907nas a2200289 4500
001 BR2015006427
003 BR-BrBNA
005 20231205125858.0
007 ta
008 230509b bl.|||p| |||| 00| 00por d
040 _aBR-BrBNA
_bpor
_cBiblioteca Nacional de Agricultura
041 _a(Pt)
072 _aF70
100 1 _aBortoluzzi, R.L. da C.
100 1 _aCarvalho-Okano, R.M. de
100 1 _aGarcia, F.C.P.
100 1 _aTozzi, A.M.G. de
245 1 _aLeguminosae, papilionoideae no Parque Estadual do Rio Doce, Minas Gerais, Brasil. 2. árvores e arbustos escandentes
650 _aLEGUMINOSAE
650 _aPAPILIONOIDEAE
650 _aLEVANTAMENTO
650 _aFLORESTA
650 _aFLORA
773 0 _tActa Botanica Brasilica (Brazil)
_xISSN 0102-3306
_g(Jan- Mar 2004), v. 18(1) p. 49-71
_wBR2015006427
909 _a202311
_bLúcia
_c55
_dLúcia Elande
942 _2AGRIS
_n0
_cANA
999 _c246669
_d246669